000 00294nam a2200133Ia 4500
005 20251222155102.0
008 251222s9999||||xx |||||||||||||| ||spa||
082 _aREL.113.2
100 _aVIGANO, Angel.
245 0 _aEl Bautismo
250 _a1ra. ed.
264 _bSalesiana
942 _cLIB
999 _c37694
_d37694